Score 0/18 Timer 03:00
0 Plays Today
Hint Answer % Correct
Men ________ Blackin
97.7%
The Black ________ PeasEyed
96.5%
Black ________Belt
95.9%
Black ________Sheep
90.3%
Black ________Sea
89.6%
Black ________ DownHawk
86.3%
Black ________Sabbath
84.6%
Black ________Death
83.5%
________ Walker Black LabelJohnnie
82.8%
Hint Answer % Correct
________ It BlackPaint
82.2%
________ in BlackBack
81.9%
Back ________ Blackto
80.9%
Black ________Gold
80.7%
Black ________Swan
78.7%
Black ________Panther
77.2%
Black Magic ________Woman
73.8%
Black ________Beauty
66.6%
The Black ________Cauldron
53.1%

Today's Daily Dose

Missing Word
Lizzo Songs

Get the Picture
The Longest Rivers

Remove Ads.
Support Sporcle.
Get the best of Sporcle when you Go Orange. This ad-free experience offers more features, more stats, and more fun while also helping to support Sporcle. Thank you for becoming a member.

You're not logged in!

Compare scores with friends on all Sporcle quizzes.
OR
Log In

Show Comments

Extras

Top Quizzes Today


Score Distribution

Your Account Isn't Verified!

In order to create a playlist on Sporcle, you need to verify the email address you used during registration. Go to your Sporcle Settings to finish the process.

Report this User

Report this user for behavior that violates our Community Guidelines.

Details: